|
|
|
|
| LEADER |
00596nam a22002052a 4500 |
| 001 |
000963815 |
| 003 |
CZ BrMZK |
| 005 |
20100121104718.0 |
| 007 |
ta |
| 008 |
090901s1959 pl er|||||||||||pol d |
| 040 |
|
|
|a BOA001
|b cze
|
| 100 |
1 |
|
|a Rudnicki, Adolf,
|d 1912-1990
|7 ola2003169792
|4 aut
|
| 245 |
1 |
0 |
|a Krowa /
|c Adolf Rudnicki
|
| 250 |
|
|
|a Wyd. 1.
|
| 260 |
|
|
|a Warszawa :
|b Państwowy Instytut Wydawniczy,
|c 1959
|
| 300 |
|
|
|a 203 s.
|
| 910 |
|
|
|a BOA001
|b 1-0432.711
|
| 990 |
|
|
|a BK
|
| 991 |
|
|
|b 200908
|
| 996 |
7 |
|
|b 2619288493
|c 1-0432.711
|l MZK
|r Sklad / do 1 hodiny
|n 3
|w 000963815
|u 000010
|a 1
|e BOA001
|j MZK50
|s A
|